| 000 | 00349nam a22001331a 4500 | ||
|---|---|---|---|
| 082 |
_aS 792.8 _bRAM/N |
||
| 100 |
_aRamchandra Gunachandra _9117367 |
||
| 245 |
_aNatya darpanam/ _cby Ramchandra Gunachandra |
||
| 260 |
_aNew Delhi: _bParimal, _c1986. |
||
| 300 | _a291p. | ||
| 650 |
_aStage Presentation _9117368 |
||
| 650 |
_aArts _9117369 |
||
| 942 | _cBK | ||
| 999 |
_c30773 _d30773 |
||